000 00530nam a2200181Ia 4500
999 _c23341
_d23341
003 OSt
005 20200212145015.0
008 190216s9999||||xx |||||||||||||| ||und||
020 _a8182714638
040 _coclc
082 _a954.83
_bMUH/M
100 _aMuhammed, T
_91908
245 0 _aMappila Samudhayam Charithram Samskaram /
_cT Muhammed
260 _bIslamic Publishing House,
_c2013.
_aKozhikode:
300 _a456p
650 _aIslamic History
942 _cBK
_2ddc
_h954.83
_iMUH/M
_k954.83
_mMUH/M